[Event "DEM U14w 2003"]
[Site "Willingen GER"]
[Date "2003.06.14"]
[Round "9"]
[White "Saak, Sarah"]
[Black "Dittrich, Jacqueline"]
[Result "1/2-1/2"]
[Termination "normal"]
[Board "11"]
[WhiteElo "1611"]
[BlackElo "1473"]
[PlyCount "85"]
[BlackFideId "24666270"]
[EventCountry "GER"]
[EventRounds "9"]
[EventType "swiss"]
[EventDate "2003.06.07"]

1. e4 Nf6 2. e5 Nd5 3. d4 d6 4. exd6 cxd6 5. Nf3 Nb6 6. g3 g6 7. Bg2 Bg7 8. O-O
O-O 9. Na3 Nc6 10. c3 e5 11. Be3 Nd5 12. Nc2 Nxe3 13. fxe3 Qb6 14. Rb1 Bg4 15.
Qe1 Be6 16. b3 exd4 17. exd4 Bf5 18. Qd2 Rfe8 19. Rbe1 Qa6 20. d5 Ne7 21. Nfd4
Bxc2 22. Qxc2 Bxd4+ 23. cxd4 Rac8 24. Qf2 f5 25. Re6 Qd3 26. Rfe1 Kf7 27. Qe3
Qxe3+ 28. R1xe3 Rcd8 29. Rc3 Rc8 30. Rxc8 Nxc8 31. Rxe8 Kxe8 32. Kf2 Kf7 33.
Ke3 Kf6 34. h4 h6 35. Bf3 g5 36. Bg2 gxh4 37. gxh4 Ne7 38. Kf4 Nc8 39. a3 Nb6
40. a4 a6 41. Bf3 Kg6 42. Ke3 Nd7 43. Kf4 1/2-1/2

[Event "DEM U14w 2003"]
[Site "Willingen GER"]
[Date "2003.06.14"]
[Round "9"]
[White "Nekrassova, Katja"]
[Black "Völschow, Toni"]
[Result "1/2-1/2"]
[Termination "normal"]
[Board "12"]
[WhiteElo "1220"]
[BlackElo "1382"]
[PlyCount "70"]
[BlackFideId "24622591"]
[EventCountry "GER"]
[EventRounds "9"]
[EventType "swiss"]
[EventDate "2003.06.07"]

1. d4 d5 2. e3 a6 3. Bd3 Nf6 4. Nd2 e6 5. f4 c5 6. c3 Nbd7 7. Ngf3 Be7 8. O-O
O-O 9. Ne5 Rb8 10. Qf3 Qc7 11. Qh3 h6 12. g4 Nh7 13. g5 f5 14. gxh6 Nxe5 15.
fxe5 g5 16. Qh5 Kh8 17. Kh1 c4 18. Bc2 Bd8 19. Rg1 Rg8 20. Nf3 Qe7 21. b3 g4
22. a4 Bd7 23. Ba3 Qe8 24. Qxe8 Bxe8 25. Nd2 Bc6 26. Rgb1 Bg5 27. Nf1 Bxh6 28.
Kg1 Ng5 29. bxc4 dxc4 30. Kf2 Nh3+ 31. Ke1 Ng5 32. Rb4 Nf3+ 33. Ke2 Bd5 34.
Rab1 Rg7 35. Rb6 Rh7 1/2-1/2

[Event "DEM U14w 2003"]
[Site "Willingen GER"]
[Date "2003.06.14"]
[Round "9"]
[White "Jehle, Anja"]
[Black "Laake, Tamara"]
[Result "1-0"]
[Termination "normal"]
[Board "13"]
[WhiteElo "1618"]
[BlackElo "1486"]
[PlyCount "101"]
[WhiteFideId "24631434"]
[EventCountry "GER"]
[EventRounds "9"]
[EventType "swiss"]
[EventDate "2003.06.07"]

1. d4 d5 2. c4 e6 3. Nc3 Nf6 4. Bg5 Be7 5. Nf3 O-O 6. e3 c6 7. Bd3 dxc4 8. Bxc4
Nd5 9. Bxe7 Qxe7 10. O-O Nd7 11. e4 N5b6 12. Bb3 Nf6 13. Qd3 Nbd7 14. e5 Nd5
15. Nxd5 exd5 16. Rfe1 Qd8 17. Bc2 f5 18. e6 Qf6 19. exd7 Bxd7 20. Ne5 Be6 21.
f4 Kh8 22. Re3 Rg8 23. Rae1 Rae8 24. Rg3 g6 25. Nf3 Rg7 26. Ng5 Rge7 27. Nxe6
Rxe6 28. Rge3 Re4 29. Rxe4 fxe4 30. Qe3 Qf5 31. Bd1 Re7 32. Be2 Qf6 33. g3 b6
34. Bg4 Kg8 35. Rf1 c5 36. Rd1 c4 37. Rf1 h5 38. Bh3 b5 39. a3 a5 40. Bg2 b4
41. Rd1 Qc6 42. axb4 axb4 43. f5 Qf6 44. fxg6 Qxg6 45. Qf4 Re8 46. Qc7 Qg4 47.
Rf1 Qe6 48. Qf4 Qg4 49. Qf5 Kg7 50. Qxd5 Kh6 51. Qxc4 1-0

[Event "DEM U14w 2003"]
[Site "Willingen GER"]
[Date "2003.06.14"]
[Round "9"]
[White "Goergen, Barbara"]
[Black "Ley, Janine"]
[Result "0-1"]
[Termination "normal"]
[Board "14"]
[WhiteElo "1526"]
[BlackElo "1360"]
[PlyCount "56"]
[BlackFideId "24671274"]
[EventCountry "GER"]
[EventRounds "9"]
[EventType "swiss"]
[EventDate "2003.06.07"]

1. e4 c5 2. c3 Nc6 3. d4 cxd4 4. cxd4 g6 5. Nc3 Bg7 6. e5 d6 7. exd6 Qxd6 8. d5
Nb4 9. Bb5+ Bd7 10. Bxd7+ Qxd7 11. Nge2 Nf6 12. Nf4 g5 13. a3 Na6 14. Nh5 Nxh5
15. Qxh5 h6 16. Qf3 f5 17. O-O O-O-O 18. Bd2 e5 19. Rac1 Kb8 20. Rfd1 Nc5 21.
Ne2 Ne4 22. Bb4 h5 23. Ng3 Nxg3 24. hxg3 g4 25. Qb3 h4 26. gxh4 Rxh4 27. Qg3
Rdh8 28. f3 f4 0-1

[Event "DEM U12/U12w 2003"]
[Site "Willingen GER"]
[Date "2003.06.08"]
[Round "1"]
[White "Müller, Reinhold"]
[Black "Schroer, Claus"]
[Result "1-0"]
[Termination "normal"]
[Board "1"]
[WhiteElo "2003"]
[BlackElo "1475"]
[PlyCount "49"]
[WhiteFideId "24605875"]
[EventCountry "GER"]
[EventRounds "11"]
[EventType "swiss"]
[EventDate "2003.06.07"]

1. d4 d5 2. Nf3 c6 3. c4 e6 4. Nc3 Nf6 5. Bg5 Be7 6. e3 O-O 7. Bd3 Nbd7 8. O-O
c5 9. cxd5 exd5 10. dxc5 Nxc5 11. Bc2 Be6 12. Nd4 Rc8 13. Bf5 a6 14. Qc2 Bxf5
15. Nxf5 Nce4 16. Nxe7+ Qxe7 17. Bxf6 Nxf6 18. Qb3 Rfd8 19. Rfd1 Rc4 20. Nxd5
Nxd5 21. Qxc4 b5 22. Qd4 f5 23. Rac1 Qg5 24. Rc5 Re8 25. Qxd5+ 1-0

[Event "DEM U12/U12w 2003"]
[Site "Willingen GER"]
[Date "2003.06.08"]
[Round "1"]
[White "Falke, Isaak"]
[Black "Huschenbeth, Niclas"]
[Result "0-1"]
[Termination "normal"]
[Board "2"]
[WhiteElo "1460"]
[BlackElo "1808"]
[PlyCount "108"]
[WhiteFideId "24614483"]
[BlackFideId "24604747"]
[EventCountry "GER"]
[EventRounds "11"]
[EventType "swiss"]
[EventDate "2003.06.07"]

1. d4 Nf6 2. Nf3 g6 3. c4 Bg7 4. e3 O-O 5. Nc3 d5 6. cxd5 Nxd5 7. Bc4 Nxc3 8.
bxc3 c5 9. Bb2 Qc7 10. Be2 Nd7 11. O-O c4 12. Qc2 Nf6 13. Qa4 b5 14. Qc2 Bf5
15. Qc1 a5 16. Nh4 Be6 17. Ba3 Rab8 18. Rb1 Nd5 19. Bf3 Nxc3 20. Qxc3 b4 21.
Bxb4 axb4 22. Rxb4 g5 23. Rxb8 Rxb8 24. Ra1 gxh4 25. Rc1 h3 26. g3 Qd6 27. Qc2
Qa3 28. d5 Bf5 29. Qd1 Qxc1 30. Qxc1 Rb1 31. Qxb1 Bxb1 32. a4 c3 33. Bd1 c2 34.
Bxc2 Bxc2 35. a5 Bd3 36. f3 Bc3 37. Kf2 Bxa5 38. e4 Bb6+ 39. Ke1 Bg1 40. e5 Kf8
41. d6 exd6 42. exd6 Ke8 43. d7+ Kxd7 44. f4 f5 45. g4 fxg4 46. f5 Bxh2 47. f6
g3 48. f7 Ke7 49. f8=Q+ Kxf8 50. Kd2 g2 51. Kc3 g1=Q 52. Kd2 Qd4 53. Kc1 Bf4+
54. Kd1 Qg1# 0-1

[Event "DEM U12/U12w 2003"]
[Site "Willingen GER"]
[Date "2003.06.08"]
[Round "1"]
[White "Seyb, Alexander"]
[Black "Collmann, Martin"]
[Result "1-0"]
[Termination "normal"]
[Board "3"]
[WhiteElo "1807"]
[BlackElo "1438"]
[PlyCount "43"]
[WhiteFideId "4699033"]
[EventCountry "GER"]
[EventRounds "11"]
[EventType "swiss"]
[EventDate "2003.06.07"]

1. e4 c5 2. Nf3 d6 3. d4 cxd4 4. Nxd4 Nf6 5. Nc3 g6 6. Be3 Bg7 7. f3 O-O 8. Qd2
Nc6 9. Bc4 Bd7 10. O-O-O Qa5 11. Bb3 Rac8 12. h4 h5 13. Kb1 Ne5 14. Nd5 Qd8 15.
Nxf6+ Bxf6 16. g4 hxg4 17. h5 gxh5 18. Rxh5 a5 19. Rdh1 a4 20. Qh2 Ng6 21. Rh8+
Bxh8 22. Qh7# 1-0

[Event "DEM U12/U12w 2003"]
[Site "Willingen GER"]
[Date "2003.06.08"]
[Round "1"]
[White "Yao, Kelvin"]
[Black "Savchenko, Aleksij"]
[Result "0-1"]
[Termination "normal"]
[Board "4"]
[WhiteElo "1426"]
[BlackElo "1774"]
[PlyCount "46"]
[BlackFideId "24611727"]
[EventCountry "GER"]
[EventRounds "11"]
[EventType "swiss"]
[EventDate "2003.06.07"]

1. d4 Nf6 2. c4 e6 3. Nf3 c5 4. Nc3 cxd4 5. Nxd4 a6 6. Bg5 Bc5 7. Ne4 Nxe4 8.
Bxd8 Bb4+ 9. Qd2 Bxd2+ 10. Kd1 Kxd8 11. f3 Nf2+ 12. Kxd2 Nxh1 13. Ke1 Nc6 14.
Nb3 b5 15. e4 Ne5 16. cxb5 axb5 17. Bxb5 Ba6 18. Bxa6 Rxa6 19. Ke2 Ke7 20. a3
Rb8 21. Nd2 Rxb2 22. Rxh1 Nc4 23. Rd1 Nxd2 0-1

[Event "DEM U12/U12w 2003"]
[Site "Willingen GER"]
[Date "2003.06.08"]
[Round "1"]
[White "Bigalke, Tobias"]
[Black "Zikeli, Julia"]
[Result "1-0"]
[Termination "normal"]
[Board "5"]
[WhiteElo "1767"]
[BlackElo "1420"]
[PlyCount "85"]
[WhiteFideId "4698282"]
[BlackFideId "24622753"]
[EventCountry "GER"]
[EventRounds "11"]
[EventType "swiss"]
[EventDate "2003.06.07"]

1. e4 e6 2. d4 d5 3. exd5 exd5 4. Bd3 Nf6 5. Bg5 Be7 6. h3 Be6 7. Nf3 h6 8. Bh4
Nbd7 9. O-O O-O 10. c3 c6 11. Bg3 Nb6 12. Ne5 Nbd7 13. f4 Nxe5 14. fxe5 Ne4 15.
Bxe4 dxe4 16. Qe2 Qb6 17. Bf2 Bf5 18. Be3 Bg6 19. b3 Rad8 20. Nd2 c5 21. Qf2
cxd4 22. cxd4 Rd7 23. Nc4 Qe6 24. a4 Rfd8 25. Rfd1 Bb4 26. Qc2 Qd5 27. Kh1 Qc6
28. Rac1 Rd5 29. Qf2 Qd7 30. Rf1 a6 31. Nb6 Qe6 32. Nxd5 Qxd5 33. Qc2 Ba5 34.
Qc5 Qxc5 35. Rxc5 Bb6 36. Rc4 Rd7 37. g4 Ba7 38. a5 Rd5 39. b4 Rb5 40. Rb1 Kf8
41. Rc8+ Ke7 42. Rb3 f6 43. Ra8 1-0

[Event "DEM U12/U12w 2003"]
[Site "Willingen GER"]
[Date "2003.06.08"]
[Round "1"]
[White "Mijatovic, Andrea"]
[Black "Zehnter, Sebastian"]
[Result "0-1"]
[Termination "normal"]
[Board "6"]
[WhiteElo "1408"]
[BlackElo "1750"]
[PlyCount "96"]
[WhiteFideId "14514524"]
[BlackFideId "24608670"]
[EventCountry "GER"]
[EventRounds "11"]
[EventType "swiss"]
[EventDate "2003.06.07"]

1. e4 c5 2. Nf3 d6 3. d4 cxd4 4. Nxd4 Nf6 5. Nc3 a6 6. Be2 e6 7. O-O Be7 8. Be3
O-O 9. Qd2 Qc7 10. f3 Nbd7 11. Rad1 Rd8 12. a3 Ne5 13. Nb3 h6 14. Bf4 Nc4 15.
Bxc4 Qxc4 16. Qd3 Qc7 17. Rfe1 e5 18. Be3 b5 19. Bd2 Bb7 20. Nd5 Nxd5 21. exd5
Rac8 22. Ba5 Qxc2 23. Bxd8 Bxd8 24. Qxc2 Rxc2 25. Rd2 Rxd2 26. Nxd2 Bxd5 27.
Ne4 Bb6+ 28. Kh1 Bxe4 29. fxe4 a5 30. b3 Bc5 31. a4 b4 32. g3 Kf8 33. Kg2 Ke7
34. Kf3 Ke6 35. Ke2 g6 36. Kd3 d5 37. g4 f5 38. gxf5+ gxf5 39. exd5+ Kxd5 40.
Ke2 e4 41. Rd1+ Bd4 42. Rc1 f4 43. Rc8 f3+ 44. Kf1 e3 45. Rd8+ Ke4 46. Re8+ Kd3
47. Ke1 Bc3+ 48. Kf1 e2+ 0-1

[Event "DEM U12/U12w 2003"]
[Site "Willingen GER"]
[Date "2003.06.08"]
[Round "1"]
[White "Perlick, Maria"]
[Black "Kaczmarczyk, Dennis"]
[Result "0-1"]
[Termination "normal"]
[Board "8"]
[WhiteElo "1397"]
[BlackElo "1715"]
[PlyCount "68"]
[BlackFideId "24608297"]
[EventCountry "GER"]
[EventRounds "11"]
[EventType "swiss"]
[EventDate "2003.06.07"]

1. d4 Nf6 2. c4 e6 3. Nc3 Bb4 4. Bd2 d6 5. Nf3 c5 6. e3 Bxc3 7. Bxc3 b6 8. Bd3
Nc6 9. a3 a5 10. O-O Qe7 11. Qc2 e5 12. d5 Nb8 13. Ng5 h6 14. Ne4 Nxe4 15. Bxe4
Rf8 16. Rfe1 f5 17. Bf3 Nd7 18. Bh5+ Kd8 19. b4 a4 20. b5 g5 21. Bg6 Qf6 22.
Bh5 g4 23. f3 Qg5 24. fxg4 Nf6 25. Bd2 Nxh5 26. gxh5 Rg8 27. Bc3 Qxh5 28. Re2
Ra7 29. Rf1 Rag7 30. Rff2 Ra7 31. Rf1 Qg4 32. Bb2 h5 33. Rf3 Qxf3 34. Bc1 Rag7
0-1

[Event "DEM U12/U12w 2003"]
[Site "Willingen GER"]
[Date "2003.06.08"]
[Round "1"]
[White "Korman, Maxim"]
[Black "Park, Johannes"]
[Result "0-1"]
[Termination "normal"]
[Board "9"]
[WhiteElo "1711"]
[BlackElo "1396"]
[PlyCount "116"]
[WhiteFideId "24619787"]
[EventCountry "GER"]
[EventRounds "11"]
[EventType "swiss"]
[EventDate "2003.06.07"]

1. e4 c5 2. Nc3 d6 3. g3 g6 4. Bg2 Bg7 5. d3 Nf6 6. Be3 Nc6 7. f4 O-O 8. Nf3
Ng4 9. Bd2 Qb6 10. Rb1 c4 11. Rf1 cxd3 12. cxd3 Nb4 13. Qe2 Nc2+ 14. Kd1 Nce3+
15. Ke1 Nxf1 16. Kxf1 Bd7 17. Nd5 Qd8 18. h3 Nf6 19. Ne3 Bb5 20. Nd4 Nxe4 21.
Bxe4 Bxd4 22. Bxb7 Rb8 23. Nc2 Bg7 24. Bd5 Qd7 25. Bb3 Qxh3+ 26. Kf2 Qh2+ 27.
Ke3 Qxg3+ 28. Qf3 Qxf3+ 29. Kxf3 Bxd3 30. Bc3 Bxc3 31. bxc3 Bxc2 32. Bxc2 Rxb1
33. Bxb1 Rc8 34. Ke4 Rxc3 35. f5 Kg7 36. fxg6 hxg6 37. Bd3 Ra3 38. Bc4 e6 39.
Bb3 d5+ 40. Kd4 Kf6 41. Kc5 g5 42. Kb4 Ra6 43. Kb5 Rb6+ 44. Kc5 Ke5 45. Bd1 f5
46. a4 g4 47. a5 Rb1 48. Be2 g3 49. Bf3 f4 50. a6 Rb2 51. Kc6 g2 52. Bxg2 Rxg2
53. Kc5 f3 54. Kc6 f2 55. Kc5 f1=Q 56. Kc6 Qc4+ 57. Kb7 Rg7+ 58. Ka8 Qc8# 0-1

[Event "DEM U12/U12w 2003"]
[Site "Willingen GER"]
[Date "2003.06.08"]
[Round "1"]
[White "Demmler, Julia"]
[Black "Jussupow, Ekaterina"]
[Result "0-1"]
[Termination "normal"]
[Board "10"]
[WhiteElo "1385"]
[BlackElo "1709"]
[PlyCount "36"]
[BlackFideId "24625400"]
[EventCountry "GER"]
[EventRounds "11"]
[EventType "swiss"]
[EventDate "2003.06.07"]

1. e4 e5 2. Nf3 Nc6 3. Bc4 Bc5 4. d3 h6 5. O-O d6 6. h3 Nge7 7. Be3 Be6 8. Bxe6
fxe6 9. Bxc5 dxc5 10. Nbd2 O-O 11. Nc4 Ng6 12. Qd2 Rxf3 13. gxf3 Nd4 14. Qd1
Qg5+ 15. Kh1 Qh5 16. Kg2 Nf4+ 17. Kh2 Qxh3+ 18. Kg1 Qg2# 0-1

[Event "DEM U12/U12w 2003"]
[Site "Willingen GER"]
[Date "2003.06.08"]
[Round "1"]
[White "Mazarov, Jürgen"]
[Black "Gahn, Juliane"]
[Result "1-0"]
[Termination "normal"]
[Board "11"]
[WhiteElo "1684"]
[BlackElo "1379"]
[PlyCount "63"]
[WhiteFideId "24617768"]
[EventCountry "GER"]
[EventRounds "11"]
[EventType "swiss"]
[EventDate "2003.06.07"]

1. e4 c5 2. Nf3 Nc6 3. d4 cxd4 4. Nxd4 d6 5. Nc3 Bd7 6. Be3 Nf6 7. f3 e6 8. Qd2
Be7 9. O-O-O a6 10. g4 Rc8 11. g5 Nh5 12. f4 b5 13. Qf2 Nxd4 14. Bxd4 Nxf4 15.
h4 Qc7 16. Qxf4 e5 17. Bxe5 dxe5 18. Qd2 Be6 19. Nd5 Bxd5 20. exd5 O-O 21. Bh3
Rcd8 22. Qc3 g6 23. Kb1 Kg7 24. Qe3 f5 25. gxf6+ Bxf6 26. h5 Qc4 27. hxg6 hxg6
28. Be6 Qf4 29. Qa7+ Be7 30. Qxe7+ Rf7 31. Bxf7 Qf6 32. Rh7+ 1-0

[Event "DEM U12/U12w 2003"]
[Site "Willingen GER"]
[Date "2003.06.08"]
[Round "1"]
[White "Wassilian, Diana"]
[Black "Gölz, Daniel"]
[Result "0-1"]
[Termination "normal"]
[Board "12"]
[WhiteElo "1376"]
[BlackElo "1682"]
[PlyCount "80"]
[BlackFideId "24626325"]
[EventCountry "GER"]
[EventRounds "11"]
[EventType "swiss"]
[EventDate "2003.06.07"]

1. e4 c5 2. Nf3 a6 3. d4 cxd4 4. Nxd4 e5 5. Nb3 h6 6. Nc3 Nf6 7. Be2 Bb4 8. Bd3
Nc6 9. Bd2 O-O 10. O-O b5 11. Kh1 Bb7 12. a3 Bxc3 13. Bxc3 d5 14. exd5 Nxd5 15.
Bd2 Nce7 16. Be4 f5 17. Bf3 e4 18. Be2 Ng6 19. c4 bxc4 20. Bxc4 Ne5 21. Bxd5+
Qxd5 22. Bb4 Rf6 23. Qxd5+ Bxd5 24. Nd4 Nd3 25. Bc3 Rc8 26. Rad1 Bc4 27. Kg1
Nf4 28. Rfe1 Rg6 29. g3 Rf8 30. Kh1 Nd3 31. Rf1 Bd5 32. Ne2 Bb7 33. Nc1 e3+ 34.
f3 Nf2+ 35. Rxf2 exf2 36. Kg2 f4 37. g4 Rxg4+ 38. Kxf2 Rh4 39. Rh1 Rh3 40. Ke2
Bxf3+ 0-1

[Event "DEM U12/U12w 2003"]
[Site "Willingen GER"]
[Date "2003.06.08"]
[Round "1"]
[White "Jorczik, Julian"]
[Black "Kickert, Germaine-Helene"]
[Result "1-0"]
[Termination "normal"]
[Board "13"]
[WhiteElo "1682"]
[BlackElo "1374"]
[PlyCount "47"]
[WhiteFideId "24611719"]
[BlackFideId "24614890"]
[EventCountry "GER"]
[EventRounds "11"]
[EventType "swiss"]
[EventDate "2003.06.07"]

1. d4 d5 2. c4 e6 3. Nc3 Nf6 4. Bg5 Be7 5. Nf3 Nbd7 6. e3 b6 7. Bd3 dxc4 8.
Bxc4 Bb7 9. O-O O-O 10. Rc1 h6 11. Bh4 Ne4 12. Bxe7 Qxe7 13. Nxe4 Bxe4 14. Bb5
Nf6 15. Ne5 Bb7 16. Qc2 Rac8 17. Nc6 Qd6 18. Qc4 Bxc6 19. Bxc6 Nd5 20. a3 Rfd8
21. Qa6 Kh7 22. Qxa7 Ne7 23. Bb7 Rb8 24. Rxc7 1-0

[Event "DEM U12/U12w 2003"]
[Site "Willingen GER"]
[Date "2003.06.08"]
[Round "1"]
[White "Seifert, Christopher"]
[Black "Kazhibadze, Georg"]
[Result "0-1"]
[Termination "normal"]
[Board "14"]
[WhiteElo "1369"]
[BlackElo "1681"]
[PlyCount "88"]
[WhiteFideId "24615293"]
[EventCountry "GER"]
[EventRounds "11"]
[EventType "swiss"]
[EventDate "2003.06.07"]

1. e4 c5 2. Nc3 Nc6 3. Bc4 e6 4. f4 a6 5. a4 Be7 6. Nf3 d6 7. d3 Nf6 8. O-O O-O
9. Qe1 Nb4 10. Bb3 Re8 11. Bd2 Qb6 12. a5 Qa7 13. Kh1 d5 14. e5 Nd7 15. Ne2 Nc6
16. g4 b5 17. axb6 Qxb6 18. Qg3 Bb7 19. h4 c4 20. dxc4 dxc4 21. Bxc4 Nd4 22.
Nexd4 Qxd4 23. Bd3 Qxb2 24. Rab1 Bxf3+ 25. Qxf3 Qd4 26. Be3 Qc3 27. Qe4 Nf8 28.
Rb3 Qa5 29. Bb6 Qd5 30. Qxd5 exd5 31. h5 a5 32. Ra1 a4 33. Rb2 a3 34. Rba2 Ne6
35. f5 Nf4 36. Be3 Nxd3 37. cxd3 Bf8 38. d4 Rec8 39. Kg2 Rc3 40. Kf2 Rb8 41.
Ke2 Rbb3 42. Bc1 Rh3 43. Bd2 Rh2+ 44. Ke1 Rd3 0-1

[Event "DEM U12/U12w 2003"]
[Site "Willingen GER"]
[Date "2003.06.08"]
[Round "1"]
[White "Remy, Janina"]
[Black "Oltzen, Samuel David"]
[Result "0-1"]
[Termination "normal"]
[Board "15"]
[WhiteElo "1672"]
[BlackElo "1367"]
[PlyCount "138"]
[WhiteFideId "24627348"]
[EventCountry "GER"]
[EventRounds "11"]
[EventType "swiss"]
[EventDate "2003.06.07"]

1. c4 Nf6 2. Nc3 d5 3. cxd5 Nxd5 4. Qb3 Nxc3 5. Qxc3 Nc6 6. g3 e6 7. Bg2 Bd7 8.
Nf3 Qe7 9. O-O O-O-O 10. d3 f6 11. Qb3 e5 12. Be3 Be6 13. Qc2 g5 14. Rfc1 Kb8
15. a4 h5 16. a5 h4 17. a6 Nb4 18. Qc5 Qxc5 19. Bxc5 Bxc5 20. Rxc5 Nxa6 21.
Rca5 hxg3 22. fxg3 Rd5 23. Nd2 Rxa5 24. Rxa5 Bc8 25. Ne4 Rf8 26. Nc3 Nb4 27.
Rb5 Nc2 28. Kf2 Nd4 29. Rc5 b6 30. Rc4 a5 31. e3 Ne6 32. Bd5 Nc5 33. Ke2 Ba6
34. Rg4 Bxd3+ 35. Kd2 Bf5 36. Rc4 Rd8 37. e4 Nxe4+ 38. Nxe4 Rxd5+ 39. Ke3 Rd4
40. Rxd4 exd4+ 41. Kxd4 c5+ 42. Kd5 Bxe4+ 43. Kxe4 Kc7 44. h4 gxh4 45. gxh4 Kd7
46. Kf5 Ke7 47. Kg6 Kf8 48. Kxf6 a4 49. Ke5 c4 50. Kd4 b5 51. Kc3 Kg7 52. Kc2
Kh6 53. Kc3 Kh5 54. Kb4 Kxh4 55. Ka3 Kg3 56. Kb4 Kf3 57. Kc3 Ke3 58. Kb4 Kd2
59. Ka3 c3 60. bxc3 Kxc3 61. Ka2 b4 62. Kb1 b3 63. Kc1 a3 64. Kb1 a2+ 65. Ka1
b2+ 66. Kxa2 Kc2 67. Ka3 b1=Q 68. Ka4 Qb6 69. Ka3 Qb3# 0-1

[Event "DEM U12/U12w 2003"]
[Site "Willingen GER"]
[Date "2003.06.08"]
[Round "1"]
[White "Bradler, Stephan"]
[Black "Fischer, Thomas"]
[Result "0-1"]
[Termination "normal"]
[Board "16"]
[WhiteElo "1366"]
[BlackElo "1671"]
[PlyCount "46"]
[WhiteFideId "24629367"]
[BlackFideId "4683277"]
[EventCountry "GER"]
[EventRounds "11"]
[EventType "swiss"]
[EventDate "2003.06.07"]

1. e4 e5 2. Nf3 Nc6 3. Bc4 Nf6 4. Ng5 d5 5. exd5 Nd4 6. c3 b5 7. Bb3 Nxb3 8.
Qxb3 Qxd5 9. Qxd5 Nxd5 10. O-O Bc5 11. Re1 f6 12. Nf3 O-O 13. b4 Bb6 14. a4
bxa4 15. Rxa4 Bd7 16. Ra2 Nf4 17. Rf1 Bb5 18. Na3 Bxf1 19. Kxf1 Nd3 20. Rc2 a5
21. bxa5 Rxa5 22. Nc4 Ra1 23. Ke2 Nxc1+ 0-1

[Event "DEM U12/U12w 2003"]
[Site "Willingen GER"]
[Date "2003.06.08"]
[Round "1"]
[White "Scharnowski, Tobias"]
[Black "Saak, Sandra"]
[Result "1-0"]
[Termination "normal"]
[Board "17"]
[WhiteElo "1658"]
[BlackElo "1361"]
[PlyCount "157"]
[WhiteFideId "24620424"]
[EventCountry "GER"]
[EventRounds "11"]
[EventType "swiss"]
[EventDate "2003.06.07"]

1. e4 e6 2. d4 d5 3. e5 c5 4. c3 Nc6 5. Nf3 Qb6 6. Bd3 cxd4 7. cxd4 Bd7 8. Be2
Nge7 9. Na3 a6 10. O-O Nf5 11. Nc2 Rc8 12. b3 Nfe7 13. Bb2 Ng6 14. g3 Nb4 15.
Nxb4 Bxb4 16. Rc1 O-O 17. Qd3 Bc6 18. Qb1 Bb5 19. Bxb5 Qxb5 20. Kg2 Rfd8 21. h4
Be7 22. Rc2 Qd7 23. Qc1 Rxc2 24. Qxc2 Rc8 25. Qd2 Rc6 26. Rc1 Qc7 27. Rxc6 Qxc6
28. Ng5 Bxg5 29. Qxg5 h6 30. Qd8+ Kh7 31. h5 Nh8 32. Ba3 g6 33. Qf6 Qe8 34. Qe7
Qxe7 35. Bxe7 gxh5 36. Kf3 Ng6 37. Bf6 Nf8 38. Ke3 Nd7 39. Be7 Kg6 40. b4 f6
41. exf6 Nxf6 42. Bxf6 Kxf6 43. Kf4 b6 44. a4 a5 45. b5 Kg6 46. Ke5 Kg5 47.
Kxe6 h4 48. gxh4+ Kxh4 49. Kxd5 Kg4 50. Ke6 h5 51. f3+ Kxf3 52. d5 h4 53. d6 h3
54. d7 h2 55. d8=Q Kg3 56. Qh8 Kg2 57. Kd6 h1=Q 58. Qxh1+ Kxh1 59. Kc6 Kg2 60.
Kxb6 Kf3 61. Kxa5 Ke4 62. b6 Kd5 63. b7 Ke5 64. b8=Q+ Kd5 65. Qb4 Ke5 66. Qc4
Kf5 67. Qd4 Ke6 68. Qc5 Kf6 69. Qd5 Ke7 70. Qc6 Kf7 71. Qd6 Kg7 72. Qe6 Kh8 73.
Qe7 Kg8 74. Kb5 Kh8 75. Kc5 Kg8 76. Kd5 Kh8 77. Ke6 Kg8 78. Kf6 Kh8 79. Qg7#
1-0

[Event "DEM U12/U12w 2003"]
[Site "Willingen GER"]
[Date "2003.06.08"]
[Round "1"]
[White "Mertens, Pauline"]
[Black "Fink, Leander"]
[Result "0-1"]
[Termination "normal"]
[Board "18"]
[WhiteElo "1353"]
[BlackElo "1657"]
[PlyCount "52"]
[WhiteFideId "24671959"]
[BlackFideId "24605247"]
[EventCountry "GER"]
[EventRounds "11"]
[EventType "swiss"]
[EventDate "2003.06.07"]

1. e4 c5 2. Nf3 Nc6 3. d4 cxd4 4. Nxd4 e5 5. Nb5 d6 6. c4 Nf6 7. N1c3 a6 8. Na3
Be6 9. Bd3 Be7 10. O-O O-O 11. Nc2 Rc8 12. Ne3 Nd4 13. Ned5 Nd7 14. Be3 Nc6 15.
Qd2 Nc5 16. b3 f5 17. exf5 Bxf5 18. Bxf5 Rxf5 19. Bxc5 dxc5 20. Rad1 Nd4 21. f4
exf4 22. Rxf4 Bg5 23. Ne2 Bxf4 24. Nexf4 Qg5 25. Rf1 Re8 26. Qd1 Ref8 0-1

[Event "DEM U12/U12w 2003"]
[Site "Willingen GER"]
[Date "2003.06.08"]
[Round "1"]
[White "Wendling, Hannes"]
[Black "Geis, Raoul-Marian"]
[Result "1-0"]
[Termination "normal"]
[Board "19"]
[WhiteElo "1652"]
[BlackElo "1315"]
[PlyCount "93"]
[WhiteFideId "24624284"]
[EventCountry "GER"]
[EventRounds "11"]
[EventType "swiss"]
[EventDate "2003.06.07"]

1. c4 e5 2. Nc3 Nf6 3. Nf3 Nc6 4. d4 exd4 5. Nxd4 Nxd4 6. Qxd4 d6 7. Bg5 Be7 8.
g3 c6 9. Bg2 Be6 10. Rd1 Qa5 11. Bf4 Rd8 12. O-O d5 13. cxd5 Nxd5 14. Nxd5 Bxd5
15. Qxg7 Rf8 16. Bxd5 Rxd5 17. Rxd5 Qxd5 18. Qe5 Qxe5 19. Bxe5 f5 20. Rd1 Bf6
21. Bxf6 Rxf6 22. Kg2 Re6 23. Kf3 Re4 24. e3 Ke7 25. Rd4 Rxd4 26. exd4 Ke6 27.
Kf4 h6 28. g4 fxg4 29. Kxg4 Kf6 30. Kh5 Kg7 31. b3 a6 32. b4 b6 33. a3 b5 34.
f4 Kh7 35. f5 Kg7 36. h4 Kf6 37. Kxh6 Kxf5 38. Kg7 Kg4 39. Kf6 Kxh4 40. Ke6 Kg4
41. Kd6 Kf4 42. Kxc6 Ke4 43. d5 Kd3 44. d6 Kc3 45. d7 Kb3 46. d8=Q Kxa3 47.
Qa5+ 1-0

[Event "DEM U12/U12w 2003"]
[Site "Willingen GER"]
[Date "2003.06.08"]
[Round "1"]
[White "Friedt, Edmund"]
[Black "Geilfuss, Albert"]
[Result "0-1"]
[Termination "normal"]
[Board "20"]
[WhiteElo "1306"]
[BlackElo "1640"]
[PlyCount "52"]
[WhiteFideId "24629545"]
[EventCountry "GER"]
[EventRounds "11"]
[EventType "swiss"]
[EventDate "2003.06.07"]

1. e4 e6 2. d4 d5 3. Nc3 Bb4 4. exd5 exd5 5. a3 Bxc3+ 6. bxc3 Ne7 7. Bd3 O-O 8.
Ne2 Bf5 9. O-O Nd7 10. Ng3 Bg6 11. f4 Bxd3 12. Qxd3 f5 13. a4 g6 14. Ba3 Re8
15. Rae1 Nb6 16. Bxe7 Rxe7 17. Rxe7 Qxe7 18. Ra1 Re8 19. Kf2 Nc4 20. Qf3 c6 21.
Nf1 Kf8 22. h3 a5 23. g4 fxg4 24. hxg4 Qe4 25. Rb1 Qxc2+ 26. Kg3 Qxb1 0-1